Putolion /
Guardado en:
| Hovedforfatter: | |
|---|---|
| Format: | Ukendt |
| Sprog: | Spanish |
| Udgivet: |
El Salvador :
Ediciones del Aureño,
1999.
|
| Fag: | |
| Tags: |
Tilføj Tag
Ingen Tags, Vær først til at tagge denne postø!
|
MARC
| LEADER | 000000000a22000000004500 | ||
|---|---|---|---|
| 001 | 006364 | ||
| 020 | |a 8495403013 | ||
| 041 | 0 | |a spa | |
| 082 | 0 | 4 | |a ES863.44 |b H577p |
| 100 | 1 | |a Hernández, David | |
| 245 | 1 | 0 | |a Putolion / |c David Hernández. |
| 260 | 1 | |a El Salvador : |b Ediciones del Aureño, |c 1999. | |
| 300 | |a 240 páginas | ||
| 650 | 4 | |a LITERATURA SALVADOREÑA | |
| 650 | 4 | |a NOVELA | |
| 650 | 4 | |a LITERATURA E HISTORIA | |
| 650 | 4 | |a EL SALVADOR | |
| 650 | 4 | |a HISTORIA | |
| 999 | |c 11986 |d 11986 | ||
| 942 | |c BK |h ES863.44 H577p |2 z | ||



